000 00651nam a2200217 a 4500
001 51141
003 BD-RjUL
005 20211209075621.0
008 160829s1968 nk 000 0 eng
035 _a(BD-RjUL)51261
040 _aDLC
_cPMilS
_dPPiU
_dDLC
_dBD-RjUL
_beng
041 _aeng
082 _223
_a428.2
_bMAP 1968
100 1 _aThomson, A. J.
_9153016
245 1 2 _aA practical English grammar :
_bStructure Drills 2 /
_cA J Thomson; A V Martinet
260 _aOxford :
_bOxford University Press,
_c1986.
300 _axi, 243 p. ;
_c19 cm.
650 0 _aEnglish Grammar.
_9152997
700 _a Martinet, A.V
_9153809
942 _2ddc
_cBK
999 _c51141
_d51141